Normal view
MARC view
- Authors, Arab
Entry Topical Term
001 - CONTROL NUMBER
- control field: 3978
003 - CONTROL NUMBER IDENTIFIER
- control field: NUST
005 - DATE AND TIME OF LATEST TRANSACTION
- control field: 20170821111300.0
008 - FIXED-LENGTH DATA ELEMENTS
- fixed length control field: 170821|| aca||aabn | a|a d
040 ## - CATALOGING SOURCE
- Original cataloging agency: NUST
- Transcribing agency: NUST
150 ## - HEADING--TOPICAL TERM
- Topical term or geographic name entry element: Authors, Arab
- Geographic subdivision: United States
- Form subdivision: Biography.
670 ## - SOURCE DATA FOUND
- Source citation: Work cat.: (NUST)0: Bushrui, Suheil B. 3976, Kahlil Gibran, man and poet :, 1998
